| 000 | 00390nam a2200157Ia 4500 | ||
|---|---|---|---|
| 008 | 230711s9999||||xx |||||||||||||| ||und|| | ||
| 041 | _aENG | ||
| 082 |
_a621 _bBO-I |
||
| 100 | _aBose,Ranjan | ||
| 245 | 0 | _aInformation theory coding cryptography | |
| 250 | _a1st . Ed. | ||
| 260 |
_c2007 _aNew Delhi _bTech-Max-Book House |
||
| 300 | _a277 | ||
| 650 | _aComputer Engineering | ||
| 942 | _cBK | ||
| 999 |
_c4693 _d4693 |
||